Relaciones Humanas / (Record no. 23383)

000 -CABECERA
fixed length control field 01085nam a22002897i 4500
003 - IDENTIFICADOR DEL NÚMERO DE CONTROL
control field AR-CdUCM
008 - DATOS DE LONGITUD FIJA--INFORMACIÓN GENERAL
fixed length control field 250901b20152015 pe||||| |||| 00| 0 spa d
040 ## - FUENTE DE LA CATALOGACIÓN
Agencia/entidad que catalogó originalmente la obra MUNICIPALIDAD PROVINCIAL DEL CUSCO
Entidad que transcribió la catalogación BIBLIOTECA MUNICIPAL DEL CUSCO
082 ## - NÚMERO DE LA CLASIFICACIÓN DECIMAL DEWEY
No. de Clasificación 302 / M31
Notacion interna M31
100 ## - ENTRADA PRINCIPAL--NOMBRE DE PERSONA
Nombre Personal Maxi Apaza, Marcelino
245 ## - MENCIÓN DE TÍTULO
Título Relaciones Humanas /
260 ## - PUBLICACIÓN, DISTRIBUCIÓN, ETC.
Lugar de publicación, distribución, etc. Sicuani-Cusco :
Nombre de la editorial, distribuidor, etc. Autor-Editor imprenta Liwi
Fecha de publicación, distribución, etc. 2015
300 ## - DESCRIPCIÓN FÍSICA
Nº de Páginas Extensión 81 páginas. :
Dimensiones 21x15 cm.
500 ## - NOTA GENERAL
Bibliografía Página 81
505 ## - NOTA DE CONTENIDO CON FORMATO
Nota de contenido formateada Proceso de comunicación -- La comunicación como base de las relaciones humanas -- La lengua y el habla -- Las relaciones humanas en el trabajo -- La comunicación asertiva -- La comunicación afectiva
650 ## - PUNTO DE ACCESO ADICIONAL DE MATERIA--TÉRMINO DE MATERIA
Descriptor Relaciones humanas
9 (RLIN) 9912
650 ## - PUNTO DE ACCESO ADICIONAL DE MATERIA--TÉRMINO DE MATERIA
Descriptor Comunicación humana
9 (RLIN) 51464
650 ## - PUNTO DE ACCESO ADICIONAL DE MATERIA--TÉRMINO DE MATERIA
Descriptor La lengua
9 (RLIN) 9174
650 ## - PUNTO DE ACCESO ADICIONAL DE MATERIA--TÉRMINO DE MATERIA
Descriptor El habla
9 (RLIN) 35497
650 ## - PUNTO DE ACCESO ADICIONAL DE MATERIA--TÉRMINO DE MATERIA
Descriptor Papel del diálogo
9 (RLIN) 51465
650 ## - PUNTO DE ACCESO ADICIONAL DE MATERIA--TÉRMINO DE MATERIA
Descriptor Comunicacion asertiva
9 (RLIN) 51466
700 ## - PUNTO DE ACCESO ADICIONAL--NOMBRE DE PERSONA
Nombre Personal Suca Ramos, Hilario
9 (RLIN) 22845
700 ## - PUNTO DE ACCESO ADICIONAL--NOMBRE DE PERSONA
Nombre Personal Mamani Champi, Cirila
9 (RLIN) 51467
942 ## - ELEMENTOS DE PUNTO DE ACCESO ADICIONAL (KOHA)
Fuente de clasificación
Tipo de item Libros-BMC
945 ## - PROCESAMIENTO DE INFORMACIÓN LOCAL (OCLC)
Catalogador pbjr
AAAA-MM-DD - Fecha de ingreso o modificacion 1-09-2025
Holdings
Estado de retiro (separado) Fuente de clasificación o esquema de estanterías Estado dañado Ubicación Sala donde se ubica Nombre de la colección Fecha de adquisición o compra Fuente de adquisición Costo, precio normal en soles Signatura topográfica Código de Barras Última vez visto (Koha) Tipo de ítem (Koha)
No     Sala Humanidades Sala Humanidades Book Cart 2025-09-01 Depósito legal 10.00 302 / M31 SH0000016995 2025-09-01 Libros-BMC

Powered by Koha